000 00552nam a22002297a 4500
001 86416
003 UA-OsUOA
005 20211108213539.0
007 ta
008 20120831b un ||||| |||| 00| 0 ukr d
040 _aUA-OsUOA
_brus
_cUA-OsUOA
_dUA-OsUOA
041 _arus
080 _a94(470+571)
090 _a94(470+571)
_bЛ42
100 _aЛейберов И. П.
245 _aЦебельдинская находка
260 _aМ.
_c1976
300 _a222 с.
650 7 _a94 Історія
_2UDC
942 _cBK
_2udc
955 _a4
999 _c373276
_d373276